Entre la esperanza del cambio y el estigma de la reproducción (Record no. 67935)

MARC details
000 -CABECERA
campo de control de longitud fija 00533nam a2200193 a 4500
005 - FECHA Y HORA DE LA ÚLTIMA TRANSACCIÓN
campo de control 20210219153059.0
008 - ELEMENTOS DE LONGITUD FIJA--INFORMACIÓN GENERAL
campo de control de longitud fija 991125n 000 0 u
035 ## - NÚMERO DE CONTROL DEL SISTEMA
Número de control de sistema UPN01000076691
100 1# - ASIENTO PRINCIPAL--NOMBRE PERSONAL
Nombre de persona Fernández Enguita, Mariano
222 ## - TÍTULO CLAVE
Título clave REVISTA DE EDUCACION
245 ## - MENCIÓN DE TÍTULO
Título Entre la esperanza del cambio y el estigma de la reproducción
300 ## - DESCRIPCIÓN FÍSICA
Extensión 151-165
362 0# - FECHAS DE PUBLICACIÓN Y/O DESIGNACIÓN SECUENCIAL
Fecha de publicación y/o designación secuencial 1988 No. 286, may.-ago.
653 0# - TERMINO DE INDIZACION - NO CONTROLADO
Término no controlado MARXISMO
653 0# - TERMINO DE INDIZACION - NO CONTROLADO
Término no controlado SOCIOLOGIA
653 0# - TERMINO DE INDIZACION - NO CONTROLADO
Término no controlado SOCIOLOGIA EDUCATIVA
904 ## - ELEMENTOS DE DATOS D LOCAL, LDD (RLIN)
a AC
b 014502
905 ## - TIPO DE MATERIAL
Tipo de material Articulo

No items available.